Linguistic categorization : prototypes in linguistic theory /

Wedi'i Gadw mewn:
Manylion Llyfryddiaeth
Prif Awdur: Taylor, John R., 1944-
Fformat: Llyfr
Iaith:English
Cyhoeddwyd: Oxford [England] : Clarendon Press, 1995.
Rhifyn:2nd ed.
Pynciau:
Tagiau: Ychwanegu Tag
Dim Tagiau, Byddwch y cyntaf i dagio'r cofnod hwn!
Thư viện lưu trữ: Mạng thư viện Đại học Đà Nẵng
LEADER 01126nam a2200337 a 4500
001 000041913
003 4668
005 20190726103908.0
008 171030s1995
020 |a 0198700121 (pbk.) 
040 |a lnn  |c lnn  |d lnn 
041 0 |a eng 
082 1 4 |a 401.43  |b TA-J 
100 1 |a Taylor, John R.,  |d 1944- 
245 0 0 |a Linguistic categorization :  |b prototypes in linguistic theory /  |c John R. Taylor. 
250 |a 2nd ed. 
260 |a Oxford [England] :  |b Clarendon Press,  |c 1995. 
300 |a xiii, 312p. 
630 0 4 |a Linguistics. 
650 0 4 |a Categorization (Linguistics) 
650 0 4 |a Linguistic analysis (Linguistics) 
650 0 4 |a Cognitive grammar. 
OWN |a LNN 
AVA |a UDN50  |b LNN  |c English  |d 401.43 TA-J  |e available  |t Error 5001 Not defined in file expand_doc_bib_avail.  |f 1  |g 0  |h N  |i 0  |j AN  |k 1 
999 |a From the UDN01 
AVA |a UDN50  |b LNN  |c English  |d 401.43 TA-J  |e available  |t Error 5001 Not defined in file expand_doc_bib_avail.  |f 1  |g 0  |h N  |i 0  |j AN  |k 1 
TYP |a Monograph 
TYP |a Printed language 
980 |a Mạng thư viện Đại học Đà Nẵng